000 00771nam a2200265 i 4500
001 C2-0318485
003 PPAK
005 20210613122628.0
008 121009s2012 my g | 0 may d
020 _a9789675450587
_qpaperback
040 _aPPAK
_beng
_cPPAK
_erda
082 0 4 _a297.18
_223
090 0 0 _a297.18
_bAMM
_dG
100 0 _aAmmar Khalis,
_eauthor.
245 1 0 _aAkibat kepalsuan hidup /
_cAmmar Khalis
264 1 _aPasir Mas, Kelantan :
_bPustaka Sukses,
_c2012
300 _a140 pages :
_c21 cm
336 _2rdacontent
_atext
337 _2rdamedia
_aunmediated
338 _2rdacarrier
_avolume
490 1 _aSiri kisah kecemerlangan akhlak
650 1 0 _aIslamic stories, Malay.
830 0 _aSiri kisah kecemerlangan akhlak
942 _cB
_2ddc
999 _c119445
_d119445